000 00594nam a2200181Ia 4500
008 100921s9999 xx 000 0 und d
082 _b24177
_a891.463 थ 87
100 _aशिरोडकर रजनी.
245 _aकपट.
260 _bबांदोडकर प्रकाशन, गोवा.
_c1987
300 _a184
_bभावे पुस्तक भांडार,पुणे
365 _b50
520 _aललित-कादंबरी.
630 _aकपट.
650 _aललित-कादंबरी.
730 _aकपट.
942 _cBOOK
999 _c773290
_d773287